书目信息 |
| 题名: |
信号与线性系统分析
|
|
| 作者: | 刘东星 , 孟祥曦 主编 | |
| 分册: | ||
| 出版信息: | 北京 中国水利水电出版社 2009.03 |
|
| 页数: | 390页 | |
| 开本: | 23cm | |
| 丛书名: | 九章丛书 | |
| 单 册: | ||
| 中图分类: | TN911.6 | |
| 科图分类: | ||
| 主题词: | 信号理论--高等学校--教学参考资料 , 线性系统--系统分析--高等学校--教学参考资料 | |
| 电子资源: | ||
| ISBN: | 978-7-5084-6331-5 | |
| 000 | 01184nam 2200313 450 | |
| 001 | 012009620160 | |
| 005 | 20150617090102.43 | |
| 010 | @a978-7-5084-6331-5@dCNY25.80 | |
| 100 | @a20100515d2009 em y0chiy0110 ea | |
| 101 | 0 | @achi |
| 102 | @aCN@b110000 | |
| 105 | @aa z 000yy | |
| 200 | 1 | @a信号与线性系统分析@Axin hao yu xian xing xi tong fen xi@e同步辅导及习题全解@f刘东星, 孟祥曦主编@Fliu dong xing,meng xiang xi zhu bian |
| 205 | @a第4版 | |
| 210 | @a北京@c中国水利水电出版社@d2009.03 | |
| 215 | @a390页@c图@d23cm | |
| 225 | 2 | @a九章丛书@i高校经典教材同步辅导丛书 |
| 330 | @a本书对教材中的各章的重点、难点作了较深刻的分析,对各章的课后习题做了全面解析解答。 | |
| 333 | @a本书可供广大教师作为参考书使用,并可作为各类工程技术人员和自学者的辅导书。 | |
| 410 | 0 | @12001 @a九章丛书 |
| 410 | 0 | @12001 @a高校经典教材同步辅导丛书 |
| 517 | 1 | @a同步辅导及习题全解@Atong bu fu dao ji xi ti quan jie |
| 606 | 0 | @a信号理论@x高等学校@j教学参考资料 |
| 606 | 0 | @a线性系统@x系统分析@x高等学校@j教学参考资料 |
| 690 | @aTN911.6@v4 | |
| 701 | 0 | @a刘东星@Aliu dong xing@4主编 |
| 701 | 0 | @a孟祥曦@Ameng xiang xi@4主编 |
| 801 | 0 | @aCN@c20100515 |
| 905 | @dTN911.6@eL600=4@f5 | |
| 信号与线性系统分析:同步辅导及习题全解/刘东星, 孟祥曦主编.-第4版.-北京:中国水利水电出版社,2009.03 |
| 390页:图;23cm.-(九章丛书.高校经典教材同步辅导丛书) |
| 使用对象:本书可供广大教师作为参考书使用,并可作为各类工程技术人员和自学者的辅导书。 |
| ISBN 978-7-5084-6331-5:CNY25.80 |
| 本书对教材中的各章的重点、难点作了较深刻的分析,对各章的课后习题做了全面解析解答。 |
| ● |
| 相关链接 |
|
|
|
正题名:信号与线性系统分析
索取号:TN911.6/L600=4
 
预约/预借
| 序号 | 登录号 | 条形码 | 馆藏地/架位号 | 状态 | 备注 |
| 1 | 497127 | 204971272 | 自科库301/404自科库 18排5列3层/ [索取号:TN911.6/L600=4] | 在馆 | |
| 2 | 497479 | 204974796 | 自科库301/301自科库 34排3列5层/ [索取号:TN911.6/L600=4] | 在馆 | |
| 3 | 999619 | 209996192 | 自科库301/ [索取号:TN911.6/L600=4] | 在馆 | |
| 4 | 999620 | 209996209 | 自科库301/404自科库 18排6列4层/ [索取号:TN911.6/L600=4] | 在馆 | |
| 5 | 999621 | 209996218 | 自科库301/404自科库 2排3列2层/ [索取号:TN911.6/L600=4] | 在馆 | |
| 6 | 999622 | 209996227 | 自科二线400A/400A自科库 2排1列3层/ [索取号:TN911.6/L600=4] | 在馆 | |
| 7 | 999623 | 209996236 | 自科库301/404自科库 14排2列6层/ [索取号:TN911.6/L600=4] | 在馆 |